| 000 | 00712nam a2200193 i 4500 | ||
|---|---|---|---|
| 001 | 128135 | ||
| 003 | ES-MaACL | ||
| 005 | 20230906193155.0 | ||
| 007 | t| | ||
| 008 | 070622s1991 fr |||| | fre d | ||
| 020 | _a2-908528-19-3 | ||
| 080 | _a75.015.11(460) | ||
| 245 | 0 | 3 |
_aLe néoclassicisme en espagne _b: journées d'étude, 20-21 juillet 1989 : Musée Goya, Castres. |
| 260 |
_aThonon-les-Bains ; _aHaute-Savoie : _bEditions de l'Albaron : _bSociété présence du livre : _bGroupe N.P.E, _c[1991] |
||
| 300 |
_a157 p ; _c24 cm. |
||
| 650 | 1 | 4 |
_aPintura neoclásica- _zEspaña. _916068 |
| 710 | 2 |
_aMusée Goya (Castres) _95815 |
|
| 852 |
_aES-MaACL _jE-11804 _z. - Biblioteca Jacinto Martínez Lacalle |
||
| 999 |
_c128135 _d128135 |
||